| Поле | Инд. | ПП | Название | Значение |
|---|---|---|---|---|
| Тип записи | a | |||
| Библиографический уровень | a | |||
| 001 | Контрольный номер | ba4cbab29e574eda9974e7d8d2b1c93c | ||
| 005 | Дата корректировки | 20160407091054.4 | ||
| 020 | a | ISBN | 5-903004-07-5 (ч. 1) | |
| 040 | a | Служба первич. каталог. | НБ ТвГУ | |
| b | Код языка каталог. | rus | ||
| e | Правила каталог. | PSBO | ||
| 041 | 0_ | a | Код языка текста | rus |
| 097 | b | Оператор | korjnina | |
| 100 | 1_ | a | Автор | Элез Андрей Йовович |
| q | Полное имя | Элез А. Й. | ||
| 245 | 11 | a | Заглавие | "Этнический" национализм и патриотизм: "национальная идея" в "оппозиционной" печати |
| 260 | a | Место издания | Москва | |
| b | Издательство | Ин-т бизнеса и политики | ||
| 504 | a | Библиография | Библиогр. в примеч.: с. 103-105 (49 назв.) | |
| 520 | 0_ | a | Аннотация | Автор статьи на основе анализа публикаций в СМИ, принадлежащих различным политическим направлениям, представляет "национализм", "патриотизм" с точки зрения этнологии и с точки зрения политических противников. |
| 653 | 0_ | a | Ключевые слова | Этнология |
| a | Ключевые слова | Политика | ||
| a | Ключевые слова | Национальность | ||
| a | Ключевые слова | Патриотизм | ||
| a | Ключевые слова | Средства массовой информации | ||
| a | Ключевые слова | Оппозиционная печать | ||
| 773 | 18 | w | Контрольный № источника | 402d8319-a098-43df-9d19-ecf29f0cc59e |
| t | Название источника | Россия и современный мир | ||
| d | Место и дата издания | Москва : Ин-т бизнеса и политики, 2006 | ||
| g | Прочая информация | Ч. 1. - С. 80-105 | ||
| 901 | t | Тип документа | a | |
| 920 | a | Оператор | Корж |